ระบบห้องสมุดอัตโนมัติ ULibM
วิทยาลัยพยาบาลบรมราชชนนี พระพุทธบาท
เปลี่ยนเป็นภาษาไทย

Change to English
 แสดงรายละเอียดบรรณานุกรม
  กลับหน้าหลัก

Brief Record : Get Marc (ISO 2709) : E-mail record : QR code ปิดหน้าต่าง
E-books : เกี่ยวกับ Collections
LEADER 00000nam 2200000uu 4500
001    13399120896
003     ULIBM
008    250955s2552 th a 000 0 tha d
020    9789747707403
100    อัมพรพรรณ ธีรานุตร
245    คู่มือการดูแลผู้ป่วยเรื้อรังที่บ้าน
250    พิมพ์ครั้งที่ 1
260    ขอนแก่น :^bคลังนานาวิทยา,^c2552
300    192 หน้า
856    ^z (สารบัญวารสาร)^uhttp://192.168.3.203/ULIB62015//_fulltext/serialcontent/13399120896/20161128134421_1800.jpg
856    ^z (สารบัญวารสาร)^uhttp://192.168.3.203/ULIB62015//_fulltext/serialcontent/13399120896/20161128134420_4840.jpg
945    ^p0^l0^i006959
945    ^p0^l0^i006958
999    ^aน.ส.สุพรรษา เริงรื่น
รายการนี้ยังไม่มีแท็ก
คุณยังไม่ได้ล็อกอิน คุณสามารถมีกิจกรรมร่วมกับเว็บไซต์ได้ แต่ต้องล็อกอินก่อน ::
  ล็อกอิน
ลำดับที่ ประเภท เลขเรียก สถานที่ สถานะ
1.
WY152 อ695ค 2552  
  
ห้องสมุดหนังสือเกิน 10 ปี
►ห้องสมุดหนังสือเกิน 10 ปี
On Shelf
  ขอยืม
2.
WY152 อ695ค 2552 ฉ.2 
  
ห้องสมุดหนังสือเกิน 10 ปี
►ห้องสมุดหนังสือเกิน 10 ปี
On Shelf
  ขอยืม
   [แสดง 2/2 รายการ]

รายการใกล้เคียง
    ผู้แต่ง [อัมพรพรรณ ธีรานุตร]

Bib 13399120896